000 00403nam a2200133Ia 4500
008 220217s9999||||xx |||||||||||||| ||und||
020 _a81-8054-536-9
082 _a658.403 8 PRA
100 _aPrasad, L.M and Prasad, Usha
_97111
245 0 _aManagement information and control systems
260 _aS. Chand & company Ltd.
_bNew Delhi
_c2009
300 _aXI, 424p.
_b200
650 _aMANAGEMENT
999 _c180573
_d180573